| 000 | 00617nmm a2200253 a 4500 | ||
|---|---|---|---|
| 003 | AR-BaBNM | ||
| 005 | 20251128211734.0 | ||
| 008 | 206020s2000 ||||||||||||||000 | spa|| | ||
| 020 | _a84-8063-427-8 | ||
| 040 | _cAR-BaBNM | ||
| 100 | 1 | _aCrystal, David | |
| 245 | 1 | 0 | _aDiccionario de lingüística y fonética |
| 250 | _a1ª ed. | ||
| 260 |
_aBarcelona _bOctaedro _c2000 |
||
| 300 | 0 | _a637 p. | |
| 650 | 4 | _aDICCIONARIOS | |
| 650 | 4 | _aLINGUISTICA | |
| 650 | 4 | _aFONETICA | |
| 650 | 4 | _aLEXICOGRAFIA | |
| 655 | _aREFERENCIA | ||
| 700 | 1 |
_aVillalba, Xavier _etraductor |
|
| 942 | _cBK | ||
| 998 | _calexandra | ||
| 999 |
_c20900 _d20900 |
||